[Event "Nuremberg Zabo op 23rd"]
[Site "Nuremberg"]
[Date "2023.09.15"]
[Round "1"]
[White "Ceglar, Michael"]
[Black "Nuesslein, Christian"]
[Result "1/2-1/2"]
[WhiteElo "1994"]
[BlackElo "1796"]
[PlyCount "46"]
[EventDate "2023.09.15"]
[EventType "swiss"]
[EventRounds "5"]
[EventCountry "GER"]
[SourceTitle "EXT 2024"]
[Source "ChessBase"]
[SourceDate "2023.10.10"]
[SourceVersion "1"]
[SourceVersionDate "2023.10.10"]
[SourceQuality "1"]

1. e4 Nf6 2. e5 Nd5 3. d4 d6 4. f4 e6 5. Nf3 c5 6. c3 cxd4 7. cxd4 dxe5 8. Nxe5 Bb4+ 9. Bd2 Qa5 10. Nc4 Bxd2+ 11. Nbxd2 Qd8 12. Qa4+ Nc6 13. Ne5 Bd7 14. Bb5 Nxe5 15. fxe5 Nb6 16. Bxd7+ Qxd7 17. Qb4 Rd8 18. Ne4 Qxd4 19. Nd6+ Rxd6 20. Qxd6 Qe4+ 21. Kf2 Qf4+ 22. Ke2 Qe4+ 23. Kf2 Qf4+ 1/2-1/2

[Event "Mittelfranken-chTB1 1415"]
[Site "Mittelfranken"]
[Date "2014.10.12"]
[Round "2.6"]
[White "Schloetterer, Hermann"]
[Black "Ceglar, Michael"]
[Result "1-0"]
[WhiteElo "1762"]
[BlackElo "1784"]
[PlyCount "111"]
[EventDate "2014.09.29"]
[EventType "team-tourn"]
[EventRounds "9"]
[EventCountry "GER"]
[SourceTitle "EXT 2020"]
[Source "ChessBase"]
[SourceDate "2019.10.17"]
[SourceVersion "1"]
[SourceVersionDate "2019.10.17"]
[SourceQuality "1"]
[WhiteTeam "Nuernberg Zabo"]
[BlackTeam "Postbauer Heng"]
[WhiteTeamCountry "GER"]
[BlackTeamCountry "GER"]

1. d4 d5 2. g3 Nf6 3. Bg2 e6 4. Nf3 c5 5. c4 Qb6 6. 0-0 dxc4 7. Nc3 Bd7 8. d5 Nxd5 9. Nxd5 exd5 10. Qxd5 Be6 11. Qe4 Qc6 12. Ne5 Qxe4 13. Bxe4 Nd7 14. Bxb7 Rb8 15. Bc6 Bd6 16. Bxd7+ Bxd7 17. Nxc4 Ke7 18. Nxd6 Kxd6 19. Bf4+ Kc6 20. Bxb8 Rxb8 21. b3 Be6 22. Rac1 Kb5 23. Rc3 Rc8 24. Rfc1 a5 25. e4 g6 26. f3 Kb4 27. Kf2 a4 28. bxa4 c4 29. Ke3 Rd8 30. g4 Kxa4 31. Rb1 Rd6 32. h3 Rd8 33. f4 f6 34. f5 Bg8 35. Rb6 Rf8 36. a3 Ka5 37. Rb7 Rd8 38. Ke2 Re8 39. fxg6 hxg6 40. Kf3 f5 41. Rg7 fxe4+ 42. Ke3 Bd5 43. Rxg6 Kb5 44. Kd4 Be6 45. Rg5+ Ka4 46. Re5 Rd8+ 47. Kxe4 Bxg4 48. hxg4 Rd4+ 49. Ke3 Rxg4 50. Re4 Rg3+ 51. Kd4 Rg5 52. Rxc4+ Kxa3 53. Re3+ Kb2 54. Kd3 Rf5 55. Rc2+ Kb3 56. Ke4+ 1-0

[Event "Mittelfranken-chTB1 1213"]
[Site "Germany"]
[Date "2012.12.17"]
[Round "5.7"]
[White "Adelhuette, Dennis"]
[Black "Ceglar, Michael"]
[Result "1/2-1/2"]
[WhiteElo "1925"]
[BlackElo "1873"]
[PlyCount "80"]
[EventDate "2012.10.07"]
[EventType "team-tourn"]
[EventRounds "9"]
[EventCountry "GER"]
[SourceTitle "EXT 2019"]
[Source "ChessBase"]
[SourceDate "2018.10.10"]
[SourceVersion "1"]
[SourceVersionDate "2018.10.10"]
[SourceQuality "1"]
[WhiteTeam "Erlangen SC II"]
[BlackTeam "Postbauer Heng"]
[WhiteTeamCountry "GER"]
[BlackTeamCountry "GER"]

1. d4 f5 2. c4 Nf6 3. Nc3 g6 4. Nf3 Bg7 5. e3 0-0 6. Bd3 d6 7. 0-0 Nbd7 8. Ng5 Nb6 9. Qb3 e6 10. c5 Nbd5 11. cxd6 Qxd6 12. Bd2 h6 13. Nf3 a5 14. Ne5 Kh7 15. Rac1 c6 16. Ne2 Ng4 17. Nxg4 fxg4 18. e4 Nc7 19. e5 Qd8 20. Qc2 Nd5 21. Bxg6+ Kh8 22. Qe4 Qh4 23. Rcd1 Bd7 24. Nf4 Nxf4 25. Bxf4 Be8 26. Bxe8 Raxe8 27. Bg3 Qg5 28. Qe3 Qg6 29. Qc3 Ra8 30. Qd3 Rf5 31. f3 Raf8 32. Qd2 gxf3 33. Rxf3 Rxf3 34. gxf3 Rxf3 35. Kg2 Qe4 36. Kg1 Qg4 37. Rf1 Rxf1+ 38. Kxf1 Qf3+ 39. Kg1 h5 40. Qxa5 Qd1+ 1/2-1/2

[Event "Mittelfranken-chTB1 1112"]
[Site "Germany"]
[Date "2011.09.25"]
[Round "1.8"]
[White "Petrashov, Alexander"]
[Black "Ceglar, Michael"]
[Result "1/2-1/2"]
[WhiteElo "1705"]
[BlackElo "1810"]
[PlyCount "56"]
[EventDate "2011.09.25"]
[EventType "team-tourn"]
[EventRounds "9"]
[EventCountry "GER"]
[SourceTitle "EXT 2013"]
[Source "ChessBase"]
[SourceDate "2012.11.22"]
[SourceVersion "1"]
[SourceVersionDate "2012.11.22"]
[SourceQuality "1"]
[WhiteTeam "Nuernberg Sued SW II"]
[BlackTeam "Heng Postbauer"]
[WhiteTeamCountry "GER"]
[BlackTeamCountry "GER"]

1. d4 d5 2. c4 c6 3. e3 Nf6 4. Nc3 e6 5. Nf3 Be7 6. Be2 Nbd7 7. Qc2 0-0 8. 0-0 b6 9. b3 Bb7 10. Bd3 h6 11. Ne5 c5 12. Bb2 Nxe5 13. dxe5 Ng4 14. Ne2 Qc7 15. cxd5 exd5 16. Nf4 Nxe5 17. Bh7+ Kh8 18. Nh5 d4 19. exd4 Ng4 20. g3 Nf6 21. Nxf6 Bxf6 22. Be4 Bxe4 23. Qxe4 cxd4 24. Bxd4 Rfe8 25. Qg4 Bxd4 26. Qxd4 Rad8 27. Qg4 Rd2 28. Rac1 Qd7 1/2-1/2

[Event "Mittelfranken-chTB2b 1011"]
[Site "Germany"]
[Date "2011.03.13"]
[Round "7.3"]
[White "Zimmer, Frank2222"]
[Black "Ceglar, Michael"]
[Result "0-1"]
[WhiteElo "1738"]
[BlackElo "1768"]
[PlyCount "78"]
[EventDate "2010.09.26"]
[EventType "team-tourn"]
[EventRounds "9"]
[EventCountry "GER"]
[SourceTitle "EXT 2012"]
[Source "ChessBase"]
[SourceDate "2011.11.24"]
[SourceVersion "1"]
[SourceVersionDate "2011.11.24"]
[SourceQuality "1"]
[WhiteTeam "Nuernberg SK 1911 II"]
[BlackTeam "Postbauer Heng II"]
[WhiteTeamCountry "GER"]
[BlackTeamCountry "GER"]

1. e4 e5 2. Nf3 d6 3. Bc4 Be7 4. Nc3 Nf6 5. 0-0 0-0 6. d4 Nc6 7. d5 Nb8 8. h3 a6 9. a4 h6 10. Be3 Nh7 11. Nd2 f5 12. f4 Bf6 13. Qh5 exf4 14. Bxf4 Bd4+ 15. Kh1 g5 16. Bh2 Bg7 17. Rae1 f4 18. Qd1 Nd7 19. Nf3 Ne5 20. Be2 Bd7 21. Bg1 Qc8 22. Nxe5 Bxe5 23. Rf3 g4 24. hxg4 Bxg4 25. Rd3 h5 26. Bf3 Ng5 27. Bd4 Bxd4 28. Rxd4 Bxf3 29. gxf3 Qh3+ 30. Kg1 Nxf3+ 31. Kf2 Nxe1 32. Qxe1 f3 33. Qg1+ Qg2+ 34. Qxg2+ fxg2+ 35. Kxg2 Rf4 36. Ne2 Rg4+ 37. Kh3 Rf8 38. Ng3 Rf3 39. Rd3 Rgxg3+ 0-1

[Event "Mittelfranken-chTB1 0809"]
[Site "Mittelfranken"]
[Date "2009.02.08"]
[Round "6.6"]
[White "Schwirzer, Christoph"]
[Black "Ceglar, Michael"]
[Result "1/2-1/2"]
[WhiteElo "1810"]
[BlackElo "1847"]
[PlyCount "80"]
[EventDate "2008.10.12"]
[EventType "team"]
[EventRounds "9"]
[EventCountry "GER"]
[SourceTitle "EXT 2011"]
[Source "ChessBase"]
[SourceDate "2010.11.26"]
[SourceVersion "1"]
[SourceVersionDate "2010.11.26"]
[SourceQuality "1"]
[WhiteTeam "Gunzenhausen/Weissenburg"]
[BlackTeam "Postbauer II"]
[WhiteTeamCountry "GER"]
[BlackTeamCountry "GER"]

1. d4 d5 2. Bf4 c6 3. Nf3 Qb6 4. b3 Nf6 5. e3 Ne4 6. c3 Nd7 7. Bd3 Ndf6 8. Qc2 Bg4 9. Nbd2 Nxd2 10. Nxd2 e6 11. 0-0 c5 12. h3 Bh5 13. dxc5 Bxc5 14. Be5 Ke7 15. c4 Rad8 16. a3 Bxe3 17. Bxf6+ gxf6 18. fxe3 Qxe3+ 19. Rf2 dxc4 20. Bxc4 Rhg8 21. Bf1 Bg6 22. Qb2 Bf5 23. Rc1 Rg6 24. Rc7+ Kf8 25. Qc1 Bxh3 26. Rxf7+ Kg8 27. Rxb7 Rf8 28. Qc7 Qh6 29. Bd3 f5 30. Rb8 Bxg2 31. Rxf8+ Kxf8 32. Qd8+ Kf7 33. Qd7+ Kf8 34. Qd8+ Kf7 35. Qc7+ Kf8 36. Qc5+ Kg8 37. Qc8+ Kf7 38. Qd7+ Kf8 39. Rxg2 Rxg2+ 40. Kxg2 Qxd2+ 1/2-1/2

[Event "Mittelfranken-chTB1 0809"]
[Site "Mittelfranken"]
[Date "2008.10.26"]
[Round "2.5"]
[White "Ceglar, Michael"]
[Black "Suess, Helmut"]
[Result "1/2-1/2"]
[WhiteElo "1847"]
[BlackElo "1869"]
[PlyCount "50"]
[EventDate "2008.10.12"]
[EventType "team"]
[EventRounds "9"]
[EventCountry "GER"]
[SourceTitle "EXT 2011"]
[Source "ChessBase"]
[SourceDate "2010.11.26"]
[SourceVersion "1"]
[SourceVersionDate "2010.11.26"]
[SourceQuality "1"]
[WhiteTeam "Postbauer II"]
[BlackTeam "Nuernberg NT IV"]
[WhiteTeamCountry "GER"]
[BlackTeamCountry "GER"]

1. e4 c6 2. d4 d5 3. exd5 cxd5 4. Bd3 Nc6 5. c3 Nf6 6. Bf4 Bg4 7. Qb3 Qc8 8. Nd2 e6 9. Ngf3 Be7 10. 0-0 0-0 11. Ne5 Nxe5 12. Bxe5 Bh5 13. f4 Nd7 14. f5 Nxe5 15. dxe5 Qc5+ 16. Kh1 exf5 17. Bxf5 Bg6 18. Bxg6 hxg6 19. Nf3 b6 20. Rad1 Rad8 21. Nd4 Qc8 22. Qb5 Bc5 23. Qe2 Bxd4 24. Rxd4 Qe6 25. Rfd1 f6 1/2-1/2

[Event "Mittelfrankenliga-B2b 0708"]
[Site "Mittelfranken"]
[Date "2008.04.13"]
[Round "8.6"]
[White "Zimmer, Frank2222"]
[Black "Ceglar, Michael"]
[Result "1-0"]
[WhiteElo "1739"]
[BlackElo "1864"]
[PlyCount "121"]
[EventDate "2007.10.14"]
[EventType "team-tourn"]
[EventRounds "9"]
[EventCountry "GER"]
[SourceTitle "EXT 2011"]
[Source "ChessBase"]
[SourceDate "2010.11.26"]
[SourceVersion "1"]
[SourceVersionDate "2010.11.26"]
[SourceQuality "1"]
[WhiteTeam "Nuernberg SK 1911 II"]
[BlackTeam "Postbauer II"]
[WhiteTeamCountry "GER"]
[BlackTeamCountry "GER"]

1. e4 e5 2. Nf3 d6 3. d4 exd4 4. Nxd4 Nf6 5. Nc3 Be7 6. Be2 0-0 7. 0-0 Re8 8. Re1 Bf8 9. Bg5 h6 10. Bxf6 Qxf6 11. Nd5 Qd8 12. Bc4 c6 13. Nc3 b5 14. Bb3 b4 15. Na4 Qf6 16. Qf3 Be7 17. Rad1 Qg6 18. Nf5 Bf8 19. Nxd6 Bxd6 20. Rxd6 Be6 21. Nc5 a5 22. Nxe6 fxe6 23. Qf5 Qxf5 24. exf5 a4 25. Bc4 Ra5 26. Rexe6 Kf8 27. Rxe8+ Kxe8 28. g4 Rc5 29. b3 Nd7 30. Re6+ Kf8 31. f4 Nb6 32. Re5 axb3 33. cxb3 Nd5 34. Bxd5 cxd5 35. Re2 d4 36. Rd2 Rd5 37. Kf2 Ke7 38. Kf3 Rc5 39. Ke4 d3 40. Kxd3 Rc3+ 41. Ke4 Rh3 42. Ke5 Rh4 43. g5 hxg5 44. fxg5 Rh5 45. Rg2 Kf7 46. Rg4 Rxh2 47. Rxb4 Re2+ 48. Kd6 Rd2+ 49. Kc7 Rxa2 50. Kb8 Ra5 51. Rb7+ Kf8 52. f6 g6 53. b4 Rxg5 54. b5 Rf5 55. b6 Rxf6 56. Ka7 Rf2 57. Rc7 Ra2+ 58. Kb8 g5 59. b7 Ke8 60. Kc8 Rd2 61. b8Q 1-0